Biggest Cities Beginning With 'B' - Statistics

General Stats
  • This quiz has been taken 140 times
    53 since last reset
  • The average score is 36 of 110
Answer Stats
Population Country City % Correct
5,104,476 Thailand Bangkok
100%
11,716,620 China Beijing
100%
14,172,928 Argentina Buenos Aires
100%
3,426,354 Germany Berlin
98%
7,216,000 Iraq Baghdad
96%
7,674,366 Colombia Bogota
96%
2,290,471 Brazil Brasilia
93%
1,835,578 Romania Bucharest
93%
1,741,041 Hungary Budapest
93%
1,641,054 Spain Barcelona
91%
433,976 Venezuela Barcelona
91%
1,557,355 Belgium Brussels
91%
1,916,100 Lebanon Beirut
89%
2,189,878 Australia Brisbane
89%
984,333 United Kingdom Birmingham
85%
5,104,047 India Bengaluru
80%
1,273,651 Serbia Belgrade
78%
2,373,224 Brazil Belo Horizonte
78%
3,465,946 South Korea Busan
78%
1,881,955 Rep. Congo Brazzaville
76%
1,116,513 Azerbaijan Baku
70%
1,297,281 Mali Bamako
70%
687,569 United States Boston
65%
981,260 Kyrgyzstan Bishkek
63%
432,904 Slovakia Bratislava
63%
1,991,000 Iraq Basrah
54%
406,877 Guinea Bissau Bissau
54%
1,699,719 Indonesia Bandung
52%
590,091 Central African Republic Bangui
52%
392,939 Colombia Bello
52%
315,132 Germany Bonn
52%
655,640 United Kingdom Bristol
52%
370,891 Czechia Brno
50%
1,380,425 Colombia Barranquilla
48%
485,558 South Africa Bloemfontein
48%
598,717 United States Baltimore
46%
1,599,914 India Bhopal
46%
1,885,317 Brazil Belém
43%
354,860 Spain Bilbao
43%
1,412,701 Turkey Bursa
43%
1,453,529 Nigeria Benin City
41%
366,133 Italy Bologna
41%
549,785 Germany Bremen
41%
650,629 Libya Benghazi
39%
301,954 United Kingdom Bradford
30%
331,700 Burundi Bujumbura
30%
373,640 United States Bakersfield
24%
809,490 Venezuela Barquisimeto
22%
625,138 India Bhilai
22%
379,210 Germany Bochum
22%
302,715 Belarus Brest
22%
346,000 Poland Bydgoszcz
22%
334,034 Germany Bielefeld
20%
584,877 Malawi Blantyre
20%
669,693 Zimbabwe Bulawayo
20%
1,301,768 China Baotou
17%
581,006 Colombia Bucaramanga
17%
599,579 Russia Barnaul
15%
391,754 Turkey Batman
15%
686,292 Mozambique Beira
15%
360,106 Burkina Faso Bobo-Dioulasso
15%
1,520,119 Indonesia Bekasi
13%
433,874 Canada Brampton
13%
995,652 China Baoding
11%
1,164,352 Indonesia Batam
11%
659,334 China Bengbu
11%
427,236 Russia Bryansk
11%
471,031 Cameroon Bamenda
9%
598,461 Indonesia Banjarmasin
9%
992,881 Indonesia Bogor
9%
489,349 Indonesia Balikpapan
7%
745,435 India Bareilly
7%
1,082,947 China Benxi
7%
762,243 India Bhubaneshwar
7%
410,669 Vietnam Bien Hoa
7%
628,106 Cote d'Ivore Bouake
7%
461,267 Philippines Bacolod City
4%
574,369 Pakistan Bahawalpur
4%
360,890 Iran Bandar Abbas
4%
345,289 Russia Belgorod
4%
612,741 India Bhavnagar
4%
790,534 India Bhiwandi
4%
332,215 United Kingdom Birkenhead
4%
307,987 Algeria Biskra
4%
850,731 South Korea Bucheon
4%
366,677 Philippines Bacoor
2%
304,803 India Barddhaman
2%
353,442 Venezuela Barinas
2%
359,092 Nigeria Bauchi
2%
353,408 Brazil Bauru
2%
493,524 Brazil Belford Roxo
2%
357,819 India Bellary
2%
390,323 India Bhagalpur
2%
350,651 India Bhilwara
2%
623,497 India Bikaner
2%
418,533 India Bokaro Steel City
2%
445,168 South Africa Boksburg
2%
399,731 Saudi Arabia Buraydah
2%
326,646 Philippines Butuan
2%
317,922 China Baicheng
0%
301,824 Turkey Batikent
0%
1,721,331 China Bayannur
0%
436,444 China Bei'an
0%
437,337 India Belgaum
0%
312,933 Indonesia Bengkulu
0%
384,000 Brazil Betim
0%
483,129 India Bhatpara
0%
303,531 Philippines Binan
0%
348,633 India Brahmapur
0%
305,692 South Africa Brakpan
0%
No matching quizzes found
Score Distribution
Percent of People with Each Score
Percentile by Number Answered
Your Score History
You have not taken this quiz since the last reset